| 000 | 02281nas a2200361 i 4500 | ||
|---|---|---|---|
| 001 | 173213 | ||
| 003 | ES-MaACL | ||
| 005 | 20250928125235.0 | ||
| 007 | t| | ||
| 008 | 091118c18931897sp a| | 1 ||pa d | ||
| 080 | _a5 : 061.12(460) | ||
| 110 | 2 |
_aReal Academia de Ciencias Exactas, Físicas y Naturales de España. _9175635 |
|
| 245 | 1 | 0 |
_aDiscursos leídos ante la Real Academia de Ciencias Exactas, Físicas y Naturales _g1893-1897. |
| 260 |
_aMadrid : _b[s. n.], _c1893 ( _fImp. de Luis Aguado) |
||
| 300 |
_a1 v. ; _c26 cm. |
||
| 505 | 8 | _aContiene: T. IV: Concepto de la especia y sus límites naturales / Justo Egózcue y Cia (98 p.). Contestación / Daniel de Cortázar (p. 99-134). Reseña de los medios empleados / Eduardo Torroja y Caballé (72 p.). Contestación / Francisco de Paula Arrillaga (p. 73-96). Uso de las aguas en España / Amós Salvador (52). Contestación / José Echegaray (p. 53-76). Tendencias de la química moderna / Ricardo Becerro de Bengoa (52 p.). Contestación / Gabriel de la Puerta (p. 53-70). Lo invisible y lo desconocido / Juan Navarro Reverter (65 p.). Contestación / Manuel Becerra (p. 67-85). Importancia de la química en la construcción / Manuel Pardo (42 p.). Contestación / Alberto Bosch (p. 43-66). El concepto de las academias de ciencias, distinto según los tiempos y países / Práxedes Mateo Sagasta (32 p.). Contestación / Cipriano Segundo Montesino (p. 33-66). | |
| 700 | 1 |
_aEchegaray, José, _d1832-1916 _946526 |
|
| 700 | 1 |
_aBecerra, Manuel, _d1823-1896 _926880 |
|
| 700 | 1 |
_aEgózcue y Cia, Justo. _9126916 |
|
| 700 | 1 |
_aCortázar y Larrubia, Daniel de. _940829 |
|
| 700 | 1 |
_aTorroja, Eduardo, _d1847-1918 _9111056 |
|
| 700 | 1 |
_aArrillaga y de Garro, Francisco de Paula, _d1846-1920 _9125722 |
|
| 700 | 1 |
_aSalvador y Rodrigáñez, Amós, _d1845-1922 _9102102 |
|
| 700 | 1 |
_aBecerro de Bengoa, Ricardo, _d1845-1902 _926893 |
|
| 700 | 1 |
_aPuerta, Gabriel de la. _9131407 |
|
| 700 | 1 |
_aNavarro Reverter, Juan, _d1844-1924 _985166 |
|
| 700 | 1 |
_aPardo, Manuel. _9130845 |
|
| 700 | 1 |
_aBosch, Alberto, _d1848-1900 _9126090 |
|
| 700 | 1 |
_aMateo Sagasta, Práxedes, _d1825-1903 _9101421 |
|
| 700 | 1 |
_aMontesino, Cipriano Segundo, _d1817-1901 _9132635 |
|
| 852 |
_aES-MaACL _jK-206 |
||
| 999 |
_c173213 _d173213 |
||